000 00321 a2200157 4500
001 45934
020 _a9788538000945
040 _cAnchieta - Aquarius
240 1 0 _aAbraços
_lpor
245 1 0 _aAbraços
300 _a
362 0 _a2008
440 1 _aCiranda Cultural
650 4 _aLiteratura infantil
942 _cBK
999 _c45934
_d45934